Les 10 pays les plus riches d'Europe - Statistiques

Statistiques générales
  • Ce quiz a été pris 168 fois
  • Le résultat moyen est 9 sur 10
Statistiques - réponses
PIB en $ Pays % Correct
2570 M $ France
99%
3619 M $ Allemagne
96%
1895 M $ Italie
95%
1303 M $ Espagne
94%
489 M $ Belgique
87%
2610 M $ Royaume-Uni
87%
684 M $ Suisse
87%
800 M $ Pays-Bas
83%
532 M $ Suède
82%
488 M $ Pologne
77%
Aucun quiz correspondant
Distribution des résultats
% des personnes avec chaque résultat
Percentile par nombre de réponses
Votre historique - résultats
Vous n’avez pas pris ce quiz